00905nam a22003015i 450000100090000000300050000900500170001400800410003101000170007202000180008903800100010704000230011704200080014008200180014810000330016624500520019925000170025126000610026826300090032930000130033833600260035133700280037733800270040590600450043294200120047799900190048995200950050819375725NUST20220825112117.0161116s2017 nyu 000 0 eng  a 2016959852 a9781438009155 aAzhar aDLCbengerdacDLC apcc a378.1662bGRE1 aGreen, Sharon Weiner.93836010aBarron's GREcSharon Weiner Green, Ira K. Wolf. a22nd edition aHauppauge, NY :bBarrons Educational Series, Inc.,c2017 a1706 apages cm atextbtxt2rdacontent aunmediatedbn2rdamedia avolumebnc2rdacarrier a0bibccorignewd2eepcnf20gy-gencatlg 2ddccLC c590650d590650 00102ddc4070aCLbCLcLCd2022-07-26o378.1662 GREpLC-128r2022-07-26w2022-07-26yREF